|
|
|
|
| LEADER |
00826nam a22002295i 4500 |
| 008 |
200827s2021 cau 000 0 eng |
| 010 |
|
|
|a 2020945072
|
| 020 |
|
|
|a 9781526486776
|
| 020 |
|
|
|z 9781529752694
|
| 042 |
|
|
|a pcc
|
| 082 |
|
|
|a 006.312
|
| 100 |
1 |
|
|a Andrews, Mark,
|
| 245 |
1 |
0 |
|a Doing data science in R :
|b an introduction for social scientists/
|c Mark Andrews.
|
| 260 |
|
|
|a New Delhi:
|b Sage Publications,
|c 2021.
|
| 263 |
|
|
|a 2103
|
| 300 |
|
|
|a 626 pages
|
| 653 |
|
|
|a R (Computer programming language), Big Data, Data Mining
|
| 906 |
|
|
|a 0
|b ibc
|c orignew
|d 2
|e epcn
|f 20
|g y-gencatlg
|
| 942 |
|
|
|c BK
|
| 955 |
|
|
|b xd09 2020-08-27
|
| 999 |
|
|
|c 363573
|d 363573
|
| 952 |
|
|
|0 0
|1 0
|2 ddc
|4 0
|6 006_312000000000000_AND_D
|7 0
|9 423481
|a EDU
|b EDU
|c ST1
|d 2021-11-20
|g 3961.63
|i 7608
|l 0
|o 006.312 AND/D
|p EDU7608
|r 2021-11-20
|w 2021-11-20
|y BK
|k P36.99
|